000 00456nam a22001575i 4500
001 98807
003 ES-MaACL
007 t|
008 950914s1873 cu ||||1| spa d
040 _aCAM
_bspa
_cCAM
100 1 _aEchauz y Guinart, Félix de.
_946505
245 1 0 _aLo que se ha hecho y lo que hay que hacer en Cuba /
_cFélix de Echauz y Guinart.
260 _aHabana :
_b[s.n.],
_c1873.
300 _a47 p. ;
_c22 cm.
852 _aES-MaACL
_jT-618-F-4
999 _c98807
_d98807